| 000 | 00687cam a22002297a 4500 | ||
|---|---|---|---|
| 003 | OSt | ||
| 005 | 20160321174342.0 | ||
| 008 | 160321s2015 spca||| |||| 000 0 spa|d | ||
| 017 | _aDL B. 28813-2015 | ||
| 020 | _a9788491161165 | ||
| 040 |
_bcat _cCDMR |
||
| 100 | 1 | _aNeira, Elena | |
| 245 | 1 | 3 |
_aLa otra pantalla _b: redes sociales, móviles y la nueva televisión _cElena Neira |
| 260 |
_aBarcelona _bEditorial UOC _c2015 |
||
| 300 |
_a149 p. : _bil. ; _c21 cm |
||
| 504 | _aNotes. Bibliografia | ||
| 650 | 0 | 4 |
_aMitjans de comunicació de massa _9405 |
| 650 | 0 | 4 |
_aXarxes socials en línia _93128 |
| 650 | 0 | 4 | _aTelèfon mòbil |
| 650 | 0 | 4 | _aTelevisió interactiva |
| 942 |
_cMON _2udc |
||
| 999 |
_c6921 _d6921 |
||